[Event "Superbet Rapid 2023"]
[Site "Warsaw POL"]
[Date "2023.05.21"]
[Round "1.1"]
[White "Rapport, Richard"]
[Black "Shevchenko, Kirill"]
[Result "1-0"]
[WhiteTitle "GM"]
[BlackTitle "GM"]
[WhiteElo "2745"]
[BlackElo "2684"]
[WhiteFideId "738590"]
[BlackFideId "14129574"]
[EventDate "2023.05.21"]

1. e4 c5 2. Nf3 Nc6 3. Bb5 g6 4. Bxc6 bxc6 5. d4 cxd4 6. Qxd4 f6 7. Qa4 Bg7 8.
c4 Qb6 9. O-O Nh6 10. Be3 Qxb2 11. Nbd2 Qb7 12. Rab1 Qc7 13. Bb6 Qf4 14. h3 Nf7
15. Qa5 Ne5 16. Rfe1 c5 17. Bxc5 Nc6 18. Qa3 Qc7 19. Rec1 d6 20. Be3 Be6 21. Nb3
O-O 22. c5 d5 23. Nfd4 Bf7 24. Nxc6 Qxc6 25. Nd4 Qc8 26. exd5 Bxd5 27. c6 f5 28.
Qxe7 Rf7 29. Qd6 Be4 30. Rb7 Rxb7 31. cxb7 Qxb7 32. Rc7 Qd5 33. Qe7 Qe5 34. Ne6
Qa1+ 35. Bc1 1-0

[Event "Superbet Rapid 2023"]
[Site "Warsaw POL"]
[Date "2023.05.21"]
[Round "1.2"]
[White "Wojtaszek, Radoslaw"]
[Black "Carlsen, Magnus"]
[Result "1-0"]
[WhiteTitle "GM"]
[BlackTitle "GM"]
[WhiteElo "2670"]
[BlackElo "2853"]
[WhiteFideId "1118358"]
[BlackFideId "1503014"]
[EventDate "2023.05.21"]

1. d4 b5 2. e4 Bb7 3. Bd3 Nf6 4. Nd2 c5 5. c3 cxd4 6. cxd4 e6 7. Ngf3 Nc6 8. O-O
a6 9. Re1 Be7 10. d5 exd5 11. e5 Nh5 12. Nb3 g6 13. Bh6 Rg8 14. Be3 Ng7 15. Nc5
Qc7 16. Rc1 Ne6 17. Nxb7 Qxb7 18. Bf1 Bb4 19. Re2 Ne7 20. Rec2 Nf5 21. Bg5 Be7
22. Bf6 Nfg7 23. Qd3 Bxf6 24. exf6 Nh5 25. Qc3 Rd8 26. a3 Qb8 27. g3 g5 28. Re1
g4 29. Nd4 Rg5 30. Bd3 Re5 31. Nf5 Rxe1+ 32. Qxe1 Nxf6 33. Qb4 d6 34. Qc3 Nd7
35. Qh8+ Ndf8 36. Qf6 Ng6 37. Re2 Qc7 38. Ng7+ 1-0

[Event "Superbet Rapid 2023"]
[Site "Warsaw POL"]
[Date "2023.05.21"]
[Round "1.3"]
[White "So, Wesley"]
[Black "Deac, Bogdan-Daniel"]
[Result "1-0"]
[WhiteTitle "GM"]
[BlackTitle "GM"]
[WhiteElo "2760"]
[BlackElo "2700"]
[WhiteFideId "5202213"]
[BlackFideId "1226380"]
[EventDate "2023.05.21"]

1. e4 e5 2. Nf3 Nc6 3. Bc4 Nf6 4. d3 Bc5 5. c3 d6 6. Nbd2 a5 7. O-O O-O 8. h3 h6
9. Bb5 Bd7 10. Re1 Re8 11. Nf1 Nb8 12. Bc4 b5 13. Bb3 a4 14. Bc2 Bb6 15. d4 c5
16. dxe5 dxe5 17. Ne3 c4 18. Nd5 Bc5 19. Be3 Bxe3 20. Nxe3 Na6 21. b4 cxb3 22.
axb3 Nc5 23. bxa4 Nxa4 24. Nd5 Nxd5 25. Qxd5 Qc7 26. Nxe5 Qxe5 27. Qxd7 Rad8 28.
Qa7 Nxc3 29. Bb3 Qe7 30. e5 Nd5 31. Qxe7 Nxe7 32. Ra7 Ra8 33. Rea1 Rxa7 34. Rxa7
g5 35. g3 Kg7 36. Rb7 f6 37. Bd1 Kg6 38. Bc2+ Kf7 39. Bd1 Kg6 40. exf6 Kxf6 41.
Rb6+ Kg7 42. Re6 Kf7 43. Rxh6 Rd8 44. Bb3+ Kg7 45. Rb6 Nf5 46. Rxb5 Nd4 47.
Rxg5+ Kf6 48. Rd5 1-0

[Event "Superbet Rapid 2023"]
[Site "Warsaw POL"]
[Date "2023.05.21"]
[Round "1.4"]
[White "Duda, Jan-Krzysztof"]
[Black "Giri, Anish"]
[Result "1-0"]
[WhiteTitle "GM"]
[BlackTitle "GM"]
[WhiteElo "2724"]
[BlackElo "2768"]
[WhiteFideId "1170546"]
[BlackFideId "24116068"]
[EventDate "2023.05.21"]

1. d4 Nf6 2. c4 g6 3. f3 e6 4. e4 c5 5. d5 d6 6. Bd3 Bg7 7. Ne2 Nbd7 8. O-O Ne5
9. Nec3 exd5 10. cxd5 Nxd3 11. Qxd3 O-O 12. Bg5 h6 13. Bh4 g5 14. Bf2 Nh5 15.
Nd2 Nf4 16. Qc2 b5 17. Nxb5 Rb8 18. a4 a6 19. Nc3 Rxb2 20. Qxb2 Bxc3 21. Qa2
Bxa1 22. Qxa1 a5 23. Be3 Ba6 24. Rb1 Bd3 25. Rb7 Ba6 26. Rb3 Nd3 27. Nf1 Nb4 28.
Ng3 Bc8 29. Nh5 f6 30. Bd2 Nc2 31. Qb2 Nd4 32. Rb6 Qe8 33. Ng3 Qxa4 34. Bc3 Rd8
35. Ne2 f5 36. Bxd4 cxd4 37. Qxd4 Qxd4+ 38. Nxd4 fxe4 39. fxe4 Kf7 40. Kf2 a4
41. Ke3 a3 42. Rb3 Bd7 43. Rxa3 Rb8 44. Ra7 Ke8 45. Kd2 Rb2+ 46. Nc2 h5 47. Kc3
Rb1 48. Ne3 Rc1+ 49. Kd4 Kd8 50. e5 dxe5+ 51. Kxe5 Re1 52. Kd6 Rxe3 53. Rxd7+
Ke8 54. Rg7 g4 55. Rg5 Re2 56. Re5+ 1-0

[Event "Superbet Rapid 2023"]
[Site "Warsaw POL"]
[Date "2023.05.21"]
[Round "1.5"]
[White "Vachier-Lagrave, Maxime"]
[Black "Aronian, Levon"]
[Result "1/2-1/2"]
[WhiteTitle "GM"]
[BlackTitle "GM"]
[WhiteElo "2742"]
[BlackElo "2745"]
[WhiteFideId "623539"]
[BlackFideId "13300474"]
[EventDate "2023.05.21"]

1. d4 Nf6 2. Bf4 c5 3. e3 Qb6 4. Nc3 Qxb2 5. Nb5 Nd5 6. Rb1 Qxa2 7. Ra1 Qb2 8.
Nf3 Nc6 9. Bc4 Nc3 10. Nc7+ Kd8 11. Qc1 Qxc1+ 12. Rxc1 e5 13. Nxe5 Kxc7 14.
Nxf7+ Kb6 15. Nxh8 d5 16. Bd3 Be6 17. Bxh7 c4 18. Ng6 Ba3 19. Ra1 Bb2 20. Kd2
Bxa1 21. Rxa1 Ne4+ 22. Kc1 Nf6 23. Rb1+ Ka6 24. Ra1+ Kb6 25. Rb1+ Ka6 26. Ra1+
Kb6 27. Rb1+ 1/2-1/2

[Event "Superbet Rapid 2023"]
[Site "Warsaw POL"]
[Date "2023.05.21"]
[Round "2.1"]
[White "Giri, Anish"]
[Black "Vachier-Lagrave, Maxime"]
[Result "1/2-1/2"]
[WhiteTitle "GM"]
[BlackTitle "GM"]
[WhiteElo "2768"]
[BlackElo "2742"]
[WhiteFideId "24116068"]
[BlackFideId "623539"]
[EventDate "2023.05.21"]

1. d4 d5 2. c4 dxc4 3. e4 e5 4. Nf3 Bb4+ 5. Nc3 Nf6 6. Bxc4 exd4 7. Nxd4 O-O 8.
O-O Bxc3 9. bxc3 Nxe4 10. Bd3 Nf6 11. Bg5 h6 12. Bh4 Nc6 13. Nxc6 bxc6 14. Qc2
Re8 15. Rad1 Qe7 16. Qa4 Qc5 17. Bxf6 gxf6 18. Be4 Ba6 19. Bxc6 Bxf1 20. Rxf1
Qe5 21. Qg4+ Kf8 22. Qb4+ Kg7 23. Qg4+ Kf8 24. h3 Rad8 25. Bxe8 Rxe8 26. Qc4 Rd8
27. Qh4 Kg7 28. Qg4+ Kf8 29. Qh4 Kg7 30. Qg4+ Kf8 31. Qh4 1/2-1/2

[Event "Superbet Rapid 2023"]
[Site "Warsaw POL"]
[Date "2023.05.21"]
[Round "2.2"]
[White "Shevchenko, Kirill"]
[Black "Aronian, Levon"]
[Result "0-1"]
[WhiteTitle "GM"]
[BlackTitle "GM"]
[WhiteElo "2684"]
[BlackElo "2745"]
[WhiteFideId "14129574"]
[BlackFideId "13300474"]
[EventDate "2023.05.21"]

1. d4 Nf6 2. c4 e6 3. Nf3 d5 4. g3 Bb4+ 5. Bd2 Be7 6. Bg2 O-O 7. O-O Nbd7 8. Qc2
c6 9. b3 b6 10. Nc3 Ba6 11. e4 dxc4 12. Rfe1 Qc8 13. h4 Re8 14. Bh3 Qb7 15. Rad1
Rac8 16. Qb1 Bb4 17. bxc4 Bxc3 18. Bxc3 Bxc4 19. Bb2 Qa6 20. Ne5 Red8 21. Nxc4
Qxc4 22. Bf1 Qb4 23. Re3 Qf8 24. a4 c5 25. Ba3 Rc7 26. Rc1 Rb8 27. Bb5 Qc8 28.
Rec3 h6 29. Qd3 Ra8 30. Ba6 Qd8 31. Bb5 Rac8 32. dxc5 Nxc5 33. Qxd8+ Rxd8 34.
Bxc5 Rxc5 35. Rxc5 bxc5 36. e5 Ne4 37. Bc6 Nd2 38. Rxc5 Rc8 39. Kg2 g5 40. hxg5
hxg5 41. Rc2 Kg7 42. Kh3 Nf3 43. Be4 Rxc2 44. Bxc2 Nxe5 45. f4 gxf4 46. gxf4 Nc6
47. Kg3 a5 48. Be4 Nb4 49. Kf2 Nd5 50. Kg3 Kf6 51. Kf3 Ke7 52. Bc2 Kd6 53. Bb3
Kc5 54. Ke4 Kb4 55. Bc2 f6 56. Bd3 Nc3+ 57. Kd4 Nxa4 58. f5 e5+ 59. Kd5 e4 60.
Bf1 Nc5 0-1

[Event "Superbet Rapid 2023"]
[Site "Warsaw POL"]
[Date "2023.05.21"]
[Round "2.3"]
[White "Deac, Bogdan-Daniel"]
[Black "Duda, Jan-Krzysztof"]
[Result "0-1"]
[WhiteTitle "GM"]
[BlackTitle "GM"]
[WhiteElo "2700"]
[BlackElo "2724"]
[WhiteFideId "1226380"]
[BlackFideId "1170546"]
[EventDate "2023.05.21"]

1. d4 Nf6 2. c4 g6 3. Nc3 d5 4. Nf3 Bg7 5. e3 O-O 6. Bd2 e6 7. Rc1 Ne4 8. cxd5
Nxd2 9. Qxd2 exd5 10. b4 Be6 11. Be2 a6 12. a4 Nd7 13. O-O c6 14. Ne1 a5 15. Rb1
axb4 16. Rxb4 b6 17. Rb2 h5 18. g3 Qe7 19. Ng2 Bh6 20. h4 Qd6 21. Rc1 Rfc8 22.
Qd1 Ra5 23. Bf3 Rd8 24. Rcc2 Bf5 25. Re2 Rda8 26. Re1 R8a7 27. Kh2 Qf6 28. Be2
Qd8 29. Kg1 Qf6 30. Bd3 Bg4 31. Be2 Be6 32. Qc2 Ra8 33. Rd1 Qd8 34. Qb3 Rb8 35.
Bf3 Nf6 36. Rdb1 Ne8 37. Qd1 Nd6 38. Be2 Rb7 39. Bd3 Raa7 40. Ne2 Nc4 41. Ra2 b5
42. Nef4 Qd6 43. Raa1 b4 44. Nxe6 Qxe6 45. Ra2 Rb6 46. Re2 Na5 47. Bc2 Rc7 48.
Ne1 Bf8 49. e4 dxe4 50. Rxe4 Qf6 51. Nf3 Rbb7 52. Kg2 Re7 53. Rxe7 Qxe7 54. Bb3
Qe4 55. Rc1 Bd6 56. Ra1 Re7 57. Ra2 Kg7 58. Rd2 Ra7 59. Re2 Qf5 60. Bc2 Qd5 61.
Be4 Qc4 62. Bd3 Qc3 63. Re3 Nc4 64. Bxc4 Qxc4 65. Qa1 Qd5 66. Kg1 Be7 67. Qd1 c5
68. Re5 Qd7 69. Qb3 cxd4 70. a5 Bf6 71. Rc5 Qd8 72. Kg2 Rxa5 73. Qxb4 Rxc5 74.
Qxc5 d3 75. Nd2 Qa8+ 76. Kg1 Qa1+ 77. Kg2 Qe1 78. Qe3 Qe2 79. Nf3 Qxe3 80. fxe3
Bc3 81. Kf2 f5 82. Ng5 Kf6 83. Nh3 Ke5 84. Kf3 Be1 85. Nf4 d2 86. Ke2 Kf6 87.
Nd5+ Kf7 88. e4 fxe4 89. Nc3 Ke6 90. Nxe4 Kf5 91. Nd6+ Kg4 92. Nf7 Kxg3 93. Ne5
Kxh4 94. Nxg6+ Kg3 0-1

[Event "Superbet Rapid 2023"]
[Site "Warsaw POL"]
[Date "2023.05.21"]
[Round "2.4"]
[White "Carlsen, Magnus"]
[Black "So, Wesley"]
[Result "1/2-1/2"]
[WhiteTitle "GM"]
[BlackTitle "GM"]
[WhiteElo "2853"]
[BlackElo "2760"]
[WhiteFideId "1503014"]
[BlackFideId "5202213"]
[EventDate "2023.05.21"]

1. d4 d5 2. Nf3 Nf6 3. Bf4 c5 4. e3 Nc6 5. Be2 Nh5 6. Be5 f6 7. c4 e6 8. cxd5
exd5 9. Bg3 Nxg3 10. hxg3 c4 11. a3 Be6 12. Nc3 Qd7 13. b3 cxb3 14. Qxb3 Rc8 15.
Qb2 Be7 16. Bd3 Kf7 17. Qb1 g6 18. Ne2 Kg7 19. Nf4 Bf7 20. O-O Na5 21. e4 dxe4
22. Bxe4 Bd6 23. d5 Bxf4 24. gxf4 Nc4 25. Rd1 Nd6 26. Ne5 Qe7 27. Nxf7 Kxf7 28.
Bf3 Rhe8 29. Qb4 Rc4 30. Qd2 Qc7 31. a4 Qc5 32. Rac1 Re7 33. Rxc4 Qxc4 34. a5
Rc7 35. f5 Kg7 36. fxg6 hxg6 37. Qe3 Qc5 38. Qe6 Rf7 39. g3 Qc7 40. Kg2 Re7 41.
Qh3 Qc8 42. Qxc8 Nxc8 43. d6 Rd7 44. Bxb7 Nxd6 45. a6 Kf8 46. Bc6 Rc7 47. Ba4
Ke7 48. Re1+ Kf7 49. Bb3+ Kf8 50. Re6 Ne8 51. Re3 Nd6 52. Bd1 Kf7 53. Bf3 Rc5
54. Rb3 Ra5 55. Be2 Ra2 56. Bd3 f5 57. Kf3 Kf6 58. Ke3 Ne4 59. Bxe4 fxe4 60. Rb5
Rxa6 61. Kxe4 Ra4+ 62. Kf3 g5 63. g4 Rf4+ 64. Kg3 Ra4 65. f3 Ra3 66. Kf2 Ra2+
67. Kg3 Ra3 68. Kf2 Ra2+ 69. Kg3 Ra3 1/2-1/2

[Event "Superbet Rapid 2023"]
[Site "Warsaw POL"]
[Date "2023.05.21"]
[Round "2.5"]
[White "Rapport, Richard"]
[Black "Wojtaszek, Radoslaw"]
[Result "1/2-1/2"]
[WhiteTitle "GM"]
[BlackTitle "GM"]
[WhiteElo "2745"]
[BlackElo "2670"]
[WhiteFideId "738590"]
[BlackFideId "1118358"]
[EventDate "2023.05.21"]

1. e4 c5 2. Nf3 d6 3. Bb5+ Nd7 4. a4 Nf6 5. Nc3 g6 6. a5 Bg7 7. O-O a6 8. Be2
O-O 9. d3 b5 10. axb6 a5 11. e5 dxe5 12. Nd2 Nxb6 13. Bf3 Ra6 14. Re1 a4 15.
Rxe5 Nfd7 16. Re1 a3 17. Nde4 axb2 18. Bxb2 Rxa1 19. Qxa1 Bb7 20. Qa7 Qb8 21.
Qa3 Ne5 22. Be2 Nbd7 23. Na4 c4 24. Nec5 Nxc5 25. Nxc5 cxd3 26. cxd3 Bc8 27. Bc3
Qd6 28. Qa1 Qxc5 29. d4 Qc7 30. dxe5 Be6 31. Bf3 Rc8 32. Bb2 h5 33. h3 Bh6 34.
Be4 Bd2 35. Rd1 Bc3 36. Bxc3 Qxc3 37. Rd8+ Kg7 38. Qxc3 Rxc3 39. Re8 Rc5 40.
Rxe7 Rxe5 41. Bf3 Re1+ 42. Kh2 Rb1 43. Rb7 Rxb7 44. Bxb7 h4 45. Ba8 Bd7 46. Bb7
Be6 47. Ba8 Bd7 48. Bb7 1/2-1/2

[Event "Superbet Rapid 2023"]
[Site "Warsaw POL"]
[Date "2023.05.21"]
[Round "3.1"]
[White "So, Wesley"]
[Black "Rapport, Richard"]
[Result "1-0"]
[WhiteTitle "GM"]
[BlackTitle "GM"]
[WhiteElo "2760"]
[BlackElo "2745"]
[WhiteFideId "5202213"]
[BlackFideId "738590"]
[EventDate "2023.05.21"]

1. d4 Nf6 2. c4 e6 3. Nf3 c5 4. d5 d6 5. Nc3 exd5 6. cxd5 g6 7. Bf4 Bg7 8. e3
O-O 9. h3 Ne8 10. Be2 Nd7 11. O-O Ne5 12. Nd2 f5 13. Bh2 Nc7 14. a4 Qe7 15. Re1
Bd7 16. Qb3 Na6 17. Qxb7 Nb4 18. Bxe5 Bxe5 19. Bb5 Rfd8 20. Red1 Rab8 21. Qc7
Rbc8 22. Qb7 Rb8 23. Qc7 Rbc8 24. Qa5 a6 25. Bxd7 Rxd7 26. Nc4 Rb8 27. Na2 Ra7
28. Nxb4 Rxb4 29. Nxe5 Qxe5 30. Qd8+ Kg7 31. Rd2 Rab7 32. Qa8 Rxb2 33. Rxb2 Qxb2
34. Rf1 c4 35. Qxa6 c3 36. Kh2 c2 37. Qc4 Rb4 38. Qc7+ Kh6 39. Qxd6 Rc4 40. Qf8+
Kh5 41. Qe7 h6 42. d6 c1=Q 43. Rxc1 Rxc1 44. g4+ fxg4 45. hxg4+ Kxg4 46. Qe4+
Kg5 47. Qf4+ Kh5 48. d7 Qd2 49. Qf3+ Kg5 50. Qf4+ Kh5 51. Qe5+ g5 52. Qe8+ Kh4
53. Qe4+ Kh5 54. Qe8+ Kh4 55. Qf8 Rh1+ 56. Kxh1 Qxd7 57. Qxh6+ Kg4 58. Qa6 Kf3
59. Qf6+ Ke2 60. Kh2 Qh7+ 61. Kg2 Qe4+ 62. f3 Qxa4 63. Qxg5 Qa2 64. e4 Qb3 65.
Qg3 Qe6 66. e5 Ke3 67. f4+ Kd4 68. Qf2+ Ke4 69. Qf3+ Kd4 70. Kf2 Qf5 71. Qd1+
Ke4 72. Qf3+ Kd4 73. Kg3 Qg6+ 74. Qg4 Qd3+ 75. Qf3 Qg6+ 76. Qg4 Qd3+ 77. Kh4
Qh7+ 78. Qh5 Qe7+ 79. Kg4 Qe6+ 80. Qf5 Qg8+ 81. Qg5 Qe6+ 82. f5 Qa2 83. Qf4+ Kd5
84. Kg5 Qb2 85. f6 Qg2+ 86. Kh6 1-0

[Event "Superbet Rapid 2023"]
[Site "Warsaw POL"]
[Date "2023.05.21"]
[Round "3.2"]
[White "Duda, Jan-Krzysztof"]
[Black "Carlsen, Magnus"]
[Result "1/2-1/2"]
[WhiteTitle "GM"]
[BlackTitle "GM"]
[WhiteElo "2724"]
[BlackElo "2853"]
[WhiteFideId "1170546"]
[BlackFideId "1503014"]
[EventDate "2023.05.21"]

1. e4 c6 2. d4 d5 3. Nc3 dxe4 4. Nxe4 Nd7 5. Nf3 Ngf6 6. Nxf6+ Nxf6 7. c3 Bg4 8.
h3 Bxf3 9. Qxf3 Qd5 10. Be2 Qxf3 11. Bxf3 e6 12. Bd2 Bd6 13. O-O-O O-O-O 14. Kc2
Kc7 15. Rhe1 Rd7 16. a3 Rhd8 17. Bg5 h6 18. Bxf6 gxf6 19. Re4 f5 20. Rh4 Rh8 21.
Rh5 Be7 22. g3 a5 23. Be2 Bf6 24. f4 Bg7 25. g4 fxg4 26. hxg4 Rd5 27. Rdh1 Rxh5
28. Rxh5 Kb6 29. a4 Rd8 30. Bc4 Rg8 31. Kd2 Bf8 32. Be2 Bd6 33. Ke3 Rg6 34. f5
Rf6 35. Ke4 Kc7 36. fxe6 Rxe6+ 37. Kd3 Bf4 38. Rf5 Bc1 39. Rxf7+ Kb6 40. Kc2
Rxe2+ 41. Kxc1 Rg2 42. Rf4 Rh2 43. Kb1 h5 44. gxh5 Rxh5 45. Ka2 Rh2 46. Kb3 Kc7
47. Rf7+ Kb6 48. Rf1 Kc7 49. Rc1 Kb6 50. Rc2 Rh4 51. Rg2 Kc7 52. Kc4 Kb6 53. Re2
Rh3 54. Re8 Rh2 55. b3 Rh3 56. Ra8 Rg3 57. b4 axb4 58. Kxb4 Rg1 59. a5+ Kc7 60.
Re8 Rb1+ 61. Kc4 Ra1 62. Re7+ Kd6 63. Re5 Ra4+ 64. Kd3 Ra1 65. Rh5 Kc7 66. Kc2
b5 67. axb6+ Kxb6 68. Re5 Rh1 69. c4 Rh3 70. Kd2 Kc7 71. Re3 Rh1 72. Kc3 Kd6 73.
Rg3 Rc1+ 74. Kb4 c5+ 75. dxc5+ Kc6 76. Rg6+ Kc7 77. c6 Rh1 78. Kb5 Rh5+ 79. c5
Rh1 80. Rg7+ Kc8 81. c7 Rb1+ 82. Kc6 Rb6+ 83. Kd5 Rh6 84. Re7 Rh5+ 85. Kc6 Rh6+
86. Kb5 Rf6 87. c6 Rxc6 88. Kxc6 1/2-1/2

[Event "Superbet Rapid 2023"]
[Site "Warsaw POL"]
[Date "2023.05.21"]
[Round "3.3"]
[White "Wojtaszek, Radoslaw"]
[Black "Shevchenko, Kirill"]
[Result "1/2-1/2"]
[WhiteTitle "GM"]
[BlackTitle "GM"]
[WhiteElo "2670"]
[BlackElo "2684"]
[WhiteFideId "1118358"]
[BlackFideId "14129574"]
[EventDate "2023.05.21"]

1. d4 Nf6 2. c4 g6 3. Nc3 Bg7 4. e4 d6 5. Nf3 O-O 6. Be2 e5 7. O-O h6 8. Re1
Nbd7 9. Rb1 exd4 10. Nxd4 Re8 11. Bf1 c6 12. Bf4 Ne5 13. h3 Nh5 14. Be3 Qf6 15.
g3 Be6 16. Nxe6 Nf3+ 17. Kh1 Rxe6 18. Re2 a6 19. a4 Rae8 20. Bg2 Ne5 21. Qb3
R6e7 22. c5 dxc5 23. Bxc5 Rd7 24. Rd1 Red8 25. Rxd7 Rxd7 26. Qc2 Nf3 27. Qc1 Nd4
28. Bxd4 Qxd4 29. Kh2 Qc5 30. e5 Bxe5 31. Qxh6 Nf6 32. Ne4 Nxe4 33. Rxe4 Re7 34.
Qe3 Qd6 35. f4 Bf6 36. Rxe7 Bxe7 37. h4 Bf6 38. b3 Kg7 39. Bf3 Qd7 40. h5 gxh5
41. Bxh5 Qf5 42. Be2 Qc2 43. Qd3 Qc5 44. Qf3 Qc2 45. Qg4+ Qg6 46. Kg2 Qxg4 47.
Bxg4 a5 48. Bc8 b5 49. Bd7 bxa4 50. bxa4 c5 51. Bb5 Kf8 52. Kf3 Kg7 53. g4 Bc3
54. g5 f6 55. gxf6+ Kxf6 56. Ke4 Bd2 57. Kd5 Bxf4 58. Kxc5 Ke5 59. Kb6 Kd6 60.
Kxa5 1/2-1/2

[Event "Superbet Rapid 2023"]
[Site "Warsaw POL"]
[Date "2023.05.21"]
[Round "3.4"]
[White "Vachier-Lagrave, Maxime"]
[Black "Deac, Bogdan-Daniel"]
[Result "1-0"]
[WhiteTitle "GM"]
[BlackTitle "GM"]
[WhiteElo "2742"]
[BlackElo "2700"]
[WhiteFideId "623539"]
[BlackFideId "1226380"]
[EventDate "2023.05.21"]

1. e4 e5 2. Nf3 Nc6 3. Bc4 Nf6 4. d3 Bc5 5. c3 d6 6. O-O a5 7. Re1 Ba7 8. Nbd2
O-O 9. Nf1 Ne7 10. h3 c6 11. Bb3 Ng6 12. Ng3 Re8 13. d4 h6 14. Bc2 b5 15. Be3 c5
16. Qd2 Kh7 17. Rad1 cxd4 18. cxd4 Qc7 19. Nf5 Bxf5 20. exf5 Nf8 21. a4 e4 22.
Nh2 Qb7 23. Ng4 N8d7 24. Bb3 d5 25. Rc1 Bb8 26. Qe2 b4 27. Nxf6+ Nxf6 28. Rc5
Bd6 29. Qb5 Qe7 30. Rc6 Reb8 31. Qe2 Qd7 32. Rec1 Rc8 33. Qc2 Rg8 34. Kf1 Ra7
35. g4 g6 36. fxg6+ fxg6 37. Rc8 Rg7 38. Qc6 Qe6 39. Rd8 Rgd7 40. Qc8 Kg7 41.
Rc6 Qe7 42. Rh8 g5 43. Bxd5 Rdc7 44. Rg8+ Nxg8 45. Qxg8+ Kf6 46. h4 1-0

[Event "Superbet Rapid 2023"]
[Site "Warsaw POL"]
[Date "2023.05.22"]
[Round "4.1"]
[White "Deac, Bogdan-Daniel"]
[Black "Aronian, Levon"]
[Result "1/2-1/2"]
[WhiteTitle "GM"]
[BlackTitle "GM"]
[WhiteElo "2700"]
[BlackElo "2745"]
[WhiteFideId "1226380"]
[BlackFideId "13300474"]
[EventDate "2023.05.21"]

1. e4 e5 2. Nf3 Nc6 3. Bb5 Nf6 4. d3 Bc5 5. Bxc6 dxc6 6. Qe2 Bd6 7. Nbd2 Be6 8.
Nf1 Qe7 9. Ne3 a5 10. a4 Bb4+ 11. Bd2 Ng4 12. Nf1 f6 13. h3 Bxd2+ 14. N3xd2 Nh6
15. Ne3 O-O 16. O-O Qc5 17. b3 Rae8 18. Kh1 b6 19. Nec4 Nf7 20. Kh2 Bc8 21. Qe3
Qxe3 22. Nxe3 Ng5 23. f4 exf4 24. Rxf4 c5 25. Raf1 Rf7 26. g4 Rd7 27. R4f2 Ne6
28. Nf3 Ba6 29. Nc4 Nd8 30. Ng1 Nc6 31. Ne2 Nb4 32. Nf4 Nc6 33. Ne3 Nd4 34. Nf5
c6 35. Nxd4 cxd4 36. Nh5 Rde7 37. Ng3 Bc8 38. Nf5 Bxf5 39. gxf5 c5 40. h4 h6 41.
Kg3 Rd7 42. Kf4 Re5 43. Rg1 Kh7 44. Kf3 Rde7 45. Rfg2 Kh8 46. Rg4 Kh7 47. Rf4
Rd7 48. Ke2 Kh8 49. Kd2 Kh7 50. Rfg4 Ree7 51. Rg6 Re8 52. Re1 Re5 53. Reg1 Re8
54. Re1 Re5 55. Reg1 Re8 56. Re1 1/2-1/2

[Event "Superbet Rapid 2023"]
[Site "Warsaw POL"]
[Date "2023.05.22"]
[Round "4.2"]
[White "Carlsen, Magnus"]
[Black "Vachier-Lagrave, Maxime"]
[Result "1/2-1/2"]
[WhiteTitle "GM"]
[BlackTitle "GM"]
[WhiteElo "2853"]
[BlackElo "2742"]
[WhiteFideId "1503014"]
[BlackFideId "623539"]
[EventDate "2023.05.21"]

1. d4 d5 2. Bf4 Nf6 3. e3 c5 4. c3 Nc6 5. Nd2 e6 6. Ngf3 Nh5 7. Bg5 f6 8. Bh4 g6
9. h3 cxd4 10. cxd4 Bd6 11. Bd3 O-O 12. O-O Bd7 13. Re1 Qb6 14. a3 Ng7 15. b4
Nf5 16. Bxf5 exf5 17. Nb3 Ne7 18. Nc5 Rad8 19. Rc1 Bc8 20. Qb3 Kg7 21. Nh2 g5
22. Na4 Qb5 23. Bg3 Bxg3 24. fxg3 Qd7 25. Rc2 Qd6 26. Nf1 b6 27. Nc3 Bd7 28. b5
Rc8 29. Rec1 Rc7 30. Ne2 Rfc8 31. Rxc7 Rxc7 32. Rxc7 Qxc7 33. Nd2 Be8 34. Kf2
Bf7 35. Qc3 Qd7 36. a4 Qc8 37. Qxc8 Nxc8 38. Nc1 Kf8 39. Na2 Be6 40. Nb4 Ne7 41.
Nb1 Ke8 42. Nc3 Kd7 43. Ke1 Kd6 44. Kd2 Bc8 45. Kc2 Bd7 46. Nd3 Be6 47. Kb3 Nc8
48. Nb4 Ne7 49. Nd3 Nc8 50. a5 Kc7 51. Nb4 bxa5 52. Na6+ Kd6 53. Nc5 Nb6 54.
Nb7+ Kc7 55. Nxa5 h6 56. Kb4 Bd7 57. Kc5 Be6 58. Nc6 Nd7+ 59. Kb4 a6 60. Ne7
axb5 61. Nxb5+ Kd8 62. Nc6+ Kc8 63. Ka5 Nf8 64. Nb4 Ng6 65. Nc3 f4 66. gxf4 gxf4
67. Nbxd5 fxe3 68. Nxe3 f5 69. d5 f4 70. Nc4 f3 71. dxe6 fxg2 72. Ne2 Kd8 73.
Kb4 Nf4 74. Ng1 Ke7 75. Kc3 h5 76. Nd2 Kxe6 77. Kd4 h4 78. Ndf3 Nxh3 79. Nxh3
g1=Q+ 80. Nfxg1 Kd6 81. Nf3 Ke6 82. Kc5 Kd7 83. Kd5 Kc7 84. Ne5 Kb6 85. Kc4 Kb7
86. Kb5 Kc7 87. Nc4 Kd7 88. Kb6 Ke6 89. Kc6 Kf5 90. Ne3+ Ke4 91. Ng2 Ke5 92.
Nxh4 Kf6 93. Ng5 Kxg5 1/2-1/2

[Event "Superbet Rapid 2023"]
[Site "Warsaw POL"]
[Date "2023.05.22"]
[Round "4.3"]
[White "Rapport, Richard"]
[Black "Duda, Jan-Krzysztof"]
[Result "1/2-1/2"]
[WhiteTitle "GM"]
[BlackTitle "GM"]
[WhiteElo "2745"]
[BlackElo "2724"]
[WhiteFideId "738590"]
[BlackFideId "1170546"]
[EventDate "2023.05.21"]

1. e4 e5 2. Nc3 Nf6 3. f4 d5 4. fxe5 Nxe4 5. Qf3 Nxc3 6. dxc3 Be6 7. Bf4 Qd7 8.
O-O-O c5 9. Bc4 Bg4 10. e6 Qxe6 11. Qxd5 Bxd1 12. Qxb7 Qxc4 13. Bxb8 Qf1 14.
Qc6+ Kd8 15. Qc7+ Ke8 16. Qc6+ Kd8 17. Bc7+ Ke7 18. Qd6+ Ke8 19. Qc6+ Ke7 20.
Bd6+ Kd8 21. Qc7+ Ke8 22. Nf3 Qxh1 23. Qc6+ Kd8 24. Qc7+ Ke8 25. Qc6+ Kd8 26.
Bc7+ Ke7 27. Qe4+ Kd7 28. Ne5+ Ke7 29. Nf3+ Kd7 30. Ne5+ Ke7 31. Nf3+ Kd7 1/2-1/2

[Event "Superbet Rapid 2023"]
[Site "Warsaw POL"]
[Date "2023.05.22"]
[Round "4.4"]
[White "Shevchenko, Kirill"]
[Black "Giri, Anish"]
[Result "1/2-1/2"]
[WhiteTitle "GM"]
[BlackTitle "GM"]
[WhiteElo "2684"]
[BlackElo "2768"]
[WhiteFideId "14129574"]
[BlackFideId "24116068"]
[EventDate "2023.05.21"]

1. e4 e5 2. Nf3 Nc6 3. d4 exd4 4. Bc4 Nf6 5. e5 Ne4 6. Qe2 Nc5 7. Ng5 Ne6 8.
Nxe6 dxe6 9. O-O Be7 10. Nd2 O-O 11. Rd1 Kh8 12. Bd3 Nb4 13. Be4 Nd5 14. Nc4 f5
15. exf6 Nxf6 16. Bf3 c5 17. c3 Nd5 18. cxd4 cxd4 19. Rxd4 Bf6 20. Rd1 Bd7 21.
Be4 Be8 22. Rd3 b5 23. Rh3 g6 24. Na3 Bg7 25. Nxb5 Rb8 26. Nc3 Nf4 27. Bxf4 Rxf4
28. Rf3 Rxf3 29. Bxf3 Qb6 30. Rd1 Qxb2 31. Ne4 Qxe2 32. Bxe2 Bc6 33. Nd6 Bd5 34.
Bc4 Rb6 35. Nc8 Rb7 36. Nd6 Rb6 37. Nc8 Rb7 38. Nd6 Rb6 1/2-1/2

[Event "Superbet Rapid 2023"]
[Site "Warsaw POL"]
[Date "2023.05.22"]
[Round "4.5"]
[White "Wojtaszek, Radoslaw"]
[Black "So, Wesley"]
[Result "1/2-1/2"]
[WhiteTitle "GM"]
[BlackTitle "GM"]
[WhiteElo "2670"]
[BlackElo "2760"]
[WhiteFideId "1118358"]
[BlackFideId "5202213"]
[EventDate "2023.05.21"]

1. d4 Nf6 2. c4 e6 3. Nf3 d5 4. Nc3 c5 5. cxd5 cxd4 6. Qxd4 exd5 7. e4 dxe4 8.
Qxd8+ Kxd8 9. Ng5 Be6 10. Nxe6+ fxe6 11. Bg5 Nc6 12. Bc4 Ke7 13. Nxe4 Kf7 14.
Bxf6 gxf6 15. O-O-O Rd8 16. Rxd8 Nxd8 17. Rd1 Be7 18. Rd7 f5 19. Nd6+ Kf6 20.
Nxb7 Nxb7 21. Rxb7 Bc5 22. Rc7 Bxf2 23. Rc6 Re8 24. b4 Bg1 25. h3 Rb8 26. Rxe6+
Kg5 27. b5 Rc8 28. Rc6 Rxc6 29. bxc6 Bb6 30. Kd2 h6 31. Be6 Kf6 32. Bd7 f4 33.
Ke2 a5 34. Kf3 Bc7 35. Ke4 Bb8 36. Bg4 Bc7 37. Kd5 Bb8 38. Kc5 Bc7 39. Kb5 Ke5
40. Ka6 Kd6 41. Kb7 Bd8 42. a4 Bc7 43. Bf3 Bd8 44. h4 Bc7 45. Kc8 Bb6 46. h5 Bc7
47. Kb7 Bd8 48. Be2 Bc7 49. Bf3 Bd8 50. Be2 Bc7 51. Bf3 1/2-1/2